| 000 | 00760nam a2200241 i 4500 | ||
|---|---|---|---|
| 001 | 106064 | ||
| 003 | ES-MaACL | ||
| 007 | t| | ||
| 008 | 060925s1977 sp ||||1| spa d | ||
| 020 | _a84-7031-037-2 | ||
| 080 | _a330.85(4-11) | ||
| 100 | 1 |
_aCastaños, Alfonso. _936448 |
|
| 245 | 1 | 1 |
_a¿Tiene el socialismo su prehistoria? _b: acerca de la naturaleza social de los países llamados socialistas? / _cAlfonso Castaños. |
| 250 | _a1ª ed. | ||
| 260 |
_aBarcelona : _bBlume, _c1977. |
||
| 300 |
_a144 p. ; _c19 cm. |
||
| 490 | 1 |
_aLeviatán ; _v9 |
|
| 500 | _aBiblioteca Juan Andrade. | ||
| 650 | 1 | 4 |
_aComunismo- _zEuropa oriental. _911220 |
| 830 | 0 |
_aLeviatán ; _v9 _9232809 |
|
| 852 |
_aES-MaACL _jAND-722 _bR.110018 |
||
| 999 |
_c106064 _d106064 |
||